Countries of the World According to my Geography Class - Statistics

General Stats
  • This quiz has been taken 269 times
  • The average score is 19 of 63
Answer Stats
Continent Country % Correct
North America Canada
77%
Oceania Australia
75%
Africa Egypt
75%
Africa South Africa
75%
South America Brazil
74%
North America Mexico
73%
Oceania New Zealand
72%
Asia China
67%
Europe Russia
66%
Antarctica Antarctica
65%
Europe France
65%
Europe United Kingdom
64%
Europe Germany
62%
Europe Spain
61%
North America Cuba
60%
Asia Japan
59%
Asia India
58%
Europe Italy
57%
North America America
50%
Asia South Korea
47%
Europe Greece
46%
Asia Indonesia
45%
Asia North Korea
43%
Africa Congo
42%
Asia Vietnam
37%
Europe Denmark
35%
North America Iceland
32%
Europe Greenland
27%
Africa Africa
25%
Europe England
22%
Europe Vatican City
22%
Asia Singapore
21%
Asia Syria
20%
Europe Holland
17%
Europe Soviet Union
14%
Asia Jordan
13%
Asia New Guinea
13%
North America Puerto Rico
12%
Asia Iranq
11%
Asia Arabia
10%
Asia Palestine
9%
North America Central America
8%
Europe Bosnia
6%
Europe Scandinavia
6%
Asia Stan
6%
Asia Tibet
6%
South America Chile Pepper
5%
Oceania Islands
5%
Asia Isreal
5%
Asia Nipaul
4%
North America Carribean
3%
Asia Russian Middle East
3%
North America Cat Island
2%
Asia Himalay
2%
Europe Poleland
2%
South America Spanish America
2%
Asia Tieland
2%
North America European Carribean
1%
North America Jamaca
1%
Europe Mediterranean
1%
North America San Jose
1%
Europe South Europe
1%
Europe Swissland
1%
No matching quizzes found
Score Distribution
Percent of People with Each Score
Percentile by Number Answered
Your Score History
You have not taken this quiz